00274nam a2200121Ia 4500008004100000041000800041082001400049100001400063245002200077250000800099260003400107300001100141231228s1994 xx 000 0 und d aeng a4.16bTEN aTENENBAUM aComputer Networks a2nd aNew DelhibP.H.I.(3E) Ec1994 aXV,658